Quizzes
Events
Quiz Creation
Community
Videos
Private Events
Remove Ads
Sign In
Join for FREE
Feedback
Dark Mode
Quiz Categories
Sports
Geography
Music
Movies
Television
Just For Fun
Miscellaneous
History
Literature
Language
Science
Gaming
Entertainment
Religion
Holiday
For Kids
Quiz Lab
Recent
Popular Today
Quiz Kudos Today
Editor Picks
Curator Picks
Quizzes by...
Day
Popularity
Type
Ratings
Length
Year
Community
Subscriptions
Recent Discussions
Orange Saloon
Badges
Playlists
Quests
Create
Leaderboards
Showdown
Live 5
Trivia Bingo
Activity
Puzzle Library
Sporcle Events
Private Events
Virtual Trivia
Globe League
Become a Host
Pub Owners
SporcleCon
Opinionation
Our Games
Videos
Blog
Mobile Apps
Partnerships
Remove Ads and Go Orange
Feedback
Music
Pop Music
The Beatles
Song
Album
Lyrics
Bands
Singers
Artist
Clip
Rock
Rap
Classical
Billboard
Country Music
Kpop
Taylor Swift
Music
Pop Music
The Beatles
Song
Album
Lyrics
Bands
Singers
Artist
Clip
Rock
Rap
Classical
Billboard
Country Music
Kpop
Taylor Swift
Random Quiz
Search Sporcle
×
Editor Pick
Editor Pick
Music
Song
Type in answers that appear in a list
Type in answers that appear in a list
Classic
Best Score? Go Orange.
The Best Punk Album Stats
Can you name the The Artists/Groups featured on The Best Punk Album in the World...Ever?
By
georgieburgess
6m
48 Questions
2,392 Plays
2,392 Plays
2,392 Plays
Comments
Comments
Give Quiz Kudos
Give Quiz Kudos
-
- Ratings
hide this ad
More Info
Replay
Link that replays current quiz
Next Quiz
Link to next quiz in quiz playlist
You Got
0%
They Got
Avg Score
32%
Avg Friend Score
Upgrade to see
Score Distribution
Jump to the score distribution portion of the page
Score
0/48
Timer
06:00
0
Plays Today
Song
Artist/Group
% Correct
My Way
Sid Vicious
98.5%
Anarchy in the U.K.
Sex Pistols
98.5%
God Save the Queen
Sex Pistols
98.5%
Sheena is a Punk Rocker
Ramones
89.2%
Psycho Killer
Talking Heads
65.1%
Ever Fallen in Love (With Someone You Shouldn't've)
Buzzcocks
59.7%
What Do I Get?
Buzzcocks
59.7%
The Passenger
Iggy Pop
51.6%
Public Image
Public Image Ltd.
50.7%
Marquee Moon
Television
45.3%
New Rose
The Damned
44%
Neat Neat Neat
The Damned
44%
Teenage Kicks
The Undertones
39.2%
Denis
Blondie
35.5%
(I Don't Want to Go to) Chelsea
Elvis Costello & The Attractions
35.3%
Is She Really Going Out With Him?
Joe Jackson
34.9%
Making Plans for Nigel
XTC
32.9%
Blank Generation
Richard Hell & The Voidoids
32%
Sex & Drugs & Rock & Roll
Ian Dury & The Blockheads
31.3%
Peaches
The Stranglers
30%
(Get a) Grip (on Yourself)
The Stranglers
30%
Alternative Ulster
Stiff Little Fingers
29.5%
Roadrunner
Jonathan Richman & The Modern Lovers
27.2%
Mongoloid
Devo
27.1%
Song
Artist/Group
% Correct
All Around the World
The Jam
23.6%
Ready Steady Go
Generation X
21.6%
Stop Your Sobbing
Pretenders
21.5%
Gary Gilmore's Eyes
The Adverts
21.2%
Identity
X-Ray Spex
19.5%
2-
4-
6-
8 Motorway
Tom Robinson Band
19.1%
Another Girl, Another Planet
The Only Ones
18.9%
Babylon's Burning
The Ruts
18.3%
I Am the Fly
Wire
17.8%
Shot by Both Sides
Magazine
17.8%
Into the Valley
The Skids
17.7%
Christine
Siouxsie And The Banshees
17.2%
Jilted John
Jilted John
17.1%
C30, C60, C90
Bow Wow Wow
15.7%
Eighties
Killing Joke
15.6%
Milk and Alcohol
Dr. Feelgood
14.6%
Deutscher Girls
Adam & The Ants
13.3%
Top of the Pops
Rezillos
13%
White Punks on Dope
Tubes
12.9%
Lookin' After No.1
The Boomtown Rats
12.8%
The Sound of the Suburbs
The Members
12%
Money
Flying Lizards
9.8%
Dancing the Night Away
The Motors
6.6%
Kung Fu International
John Cooper Clarke
5.1%
Quiz Playlist
Details
Report
Send in Message
Add To Playlist
More Info:
THIS ALBUM WAS RELEASED IN 1995
Classic:
Type in answers that appear in a list
Last Updated: Feb 16, 2017
Editor Pick in
Music
Quiz Scoreboard
CHALLENGE
Sign Up to Join the Scoreboard
Show All
Scores
Hide
Comments
May contain spoilers
Recently Published
Presidents Visiting Landmarks
by Hejman
History
7m
An Introduction to Baseball
by treessimontrees
Sports
5m
Movies - When Are They Set?
by FPL_Elf
Movies
5m
More to Explore
Quiz From the Vault
Featured Blog Post
Where Did the Easter Bunny Come From?
hide this ad
You Might Also Like...
Tags
Album Quiz
Artist Quiz
Song Quiz
Featured
group
punk
Today's Top Quizzes in Music
Browse Music
hide this ad
Today's Top Quizzes in Song
Browse Song
Top Contributed Quizzes in Music
1
Taylor Swift All Songs (2024)
2
Guess the Artist- 70s Songs
3
Taylor Swift Logic Puzzle
4
KPOP LOGIC QUIZ
5
One Thing in Common: Music
6
2010s Album by Cover III
7
7-to-1: Billboard Hot 100 #1 Hits of 2010s
8
Guess the Taylor Swift song (Mystery Song)
9
Sorting Albums and Songs
10
2000s Album Cover Bunker
Explore More
Trending Topics
Marvel
NBA
Crossword
Harry Potter
Anime
Disney
Kpop
NFL
The Office
Country
Soccer
WWE
Pokémon
Puzzle
Song
hide this ad
More By:
georgieburgess
Quiz
Plays
Rating
Category
Featured
Created
Surnames by Any 3 Letters (USA)
118,834
4.71
Miscellaneous
Aug 26, 2014
One Word EPL Teams
94,593
4.32
Sports
Mar 7, 2016
US Presidents Aged 80+
85,171
4.44
History
May 24, 2010
Celebrities as Ordinary People
84,394
4.11
Just For Fun
Jul 19, 2014
20 Famous Construction Projects
72,403
4.36
History
Mar 25, 2011
Go to Creator's Profile
Score Distribution
Quiz Creator Spotlight
georgieburgess
Follow
Send a Message
Quizzes Created
-
Created Quiz Play Count
-
More By This Creator
Popular Quizzes Today
1
Find the US States - No Outlines Minefield
2
Find the Countries of Europe - No Outlines Minefield
3
The Countries of the World
4
Find the US States
5
Popular People in 1961
6
US States
7
Risky Map Clicking: Biggest States A-Z
8
Movies - When Are They Set?
More Music Quizzes
Bands/Artists From Connecticut
Quiz Lab
Trending Quizzes
Risky Map Clicking: Least Populous States A-Z
1-10 Letter G Words
1-10 Letter F Words
Risky Map Clicking: Next State Alphabetically
Risky Map Clicking: Biggest States A-Z
Recently Updated
Leaping Animals
pecheneg
Reality TV Shows (A-Z)
bhenderson79
Rickey Henderson's Hall of Fame Teammates
pecheneg
Champions League XIs: Arsenal
pecheneg
Quick Pick: Celebrities in WWE's Hall of Fame
aduchscher
A-Z Keypad Blitz II
pecheneg
Multiple Oscar Actors
pecheneg
Mystery Phrase Blitz: Oscar 'Best Actors'
pecheneg
F. Scott Fitzgerald Novels
LTH
Pick 3 Villains
ddd62291
Trending Topics
Harry Potter
Disney
Anime
Kpop
Crossword
NBA
Marvel
NFL
The Office
Country
Pokémon
Puzzle
Song
WWE
Soccer
Your Account Isn't Verified!
In order to create a playlist on Sporcle, you need to verify the email address you used during registration. Go to your
Sporcle Settings
to finish the process.
Report this User
Report this user for behavior that violates our
Community Guidelines
.
Details:
Send Report
Go to the Sporcle.com Mobile Site →
Comments